Statistics for Biggest Cities in the NATO by Letter - C

Click here to take the quiz!

General Stats

  • This quiz has been taken 42 times
  • The average score is 12 of 20

Answer Stats

Rank Population Country Hint City % Correct
21,296,000DenmarkThe Little MermaidCopenhagen
97%
12,705,000United StatesWindy City, Lake MichiganChicago
97%
10346,000United KingdomCapital of WalesCardiff
94%
41,061,000GermanyGerman: KölnCologne
91%
5860,000United StatesCapital of OhioColumbus
89%
31,239,000CanadaStampedeCalgary
86%
8386,000United StatesLeBron James, CavsCleveland
86%
12326,000United States'Body of Christ' in LatinCorpus Christi
83%
15299,000United StatesReds and BengalsCincinnati
83%
7465,000United StatesPikes Peak, "The Springs"Colorado Springs
60%
14314,000ItalyEtnaCatania
51%
11327,000SpainWarmest summer high temperatures in EuropeCórdoba
49%
6842,000United StatesBank of AmericaCharlotte
49%
9355,000United KingdomNo other UK-City is farther away from the coastCoventry
46%
13325,000RomaniaThe Heart of TransylvaniaCluj-Napoca
40%
16284,000RomaniaBiggest Romanian port on the Black SeaConstanta
23%
18267,000United StatesBorders San Diego, lemonsChula Vista
20%
20249,000GermanyFormerly called Karl-Marx-StadtChemnitz
14%
17269,000RomaniaUniversity town, Ban's CitadelCraiova
9%
19254,000TurkeyBiggest Turkish city completely in EuropeÇorlu
9%

Score Distribution

Percentile by Number Answered

Percent of People with Each Score

Your Score History

You have not taken this quiz